000 00926cam3a220026500 4500
001 lce00596245
003 DLC
005 20190819092439.0
008 740502c19671918mau 000 1 eng
010 _a 67002674 //r94
035 _a(Sirsi) r85502
035 _a(DLC) 67002674 //r94
035 _a(UPRA)lce00596245
040 _aDLC
_cDLC
_dDLC
050 0 0 _aPZ3.T175
_bMa10
100 1 _aTarkington, Booth, 1869-1946.
_dTarkington, Booth, 1869-1946.
_6A44968.1
245 1 4 _aThe magnificent Ambersons.
260 _aGloucester, Mass.,
_bP. Smith,
_c1967 [c1918]
500 _aFirst published in 1918.
500 _a2nd vol. of a trilogy, Growth, the 1st of which is Turmoil, and the 3rd, Midlander.
650 0 _aFamily -- Indiana -- Fiction.
_zFamily -- Indiana -- Fiction.
_xFamily -- Indiana -- Fiction.
_6S35170.1
655 7 _2gsafd
949 _aPZ3.T175
_wlcc
_i-118807
_mMAIN
_tBOOK
_lON-SHELF
004 85502
999 _c97026
_d97026